Statistiken für Basketball WM Gewinner

Klicken Sie hier um das Quiz zu spielen!

Allgemein

  • Dieses Quiz wurde 87 mal gespielt
  • Das Durchschnittsergebnis liegt bei 13 aus 19

Antwortstatistiken

HintAntwort% Korrekt
1986USA
100%
1994USA
100%
2014USA
100%
2010USA
100%
1954USA
100%
2023Deutschland
99%
2019Spanien
90%
2006Spanien
90%
1963Brasilien
61%
1959Brasilien
61%
1950Argentinien
57%
1998Jugoslawien
51%
2002Jugoslawien
51%
1990Jugoslawien
51%
1978Jugoslawien
51%
1970Jugoslawien
51%
1982UDSSR
46%
1974UDSSR
46%
1967UDSSR
46%

Verteilung der Resultate

Perzentil nach korrekt beantworteten Fragen

Anzahl Personen mit jedem Resultat

Ihre Resultats-Entwicklung

Sie haben dieses Quiz noch nicht gespielt